Summerhill (Record no. 213687)

MARC details
000 -LEADER
fixed length control field 00382nam a22001457a 4500
003 - CONTROL NUMBER IDENTIFIER
control field dpl
005 - DATE AND TIME OF LATEST TRANSACTION
control field 20251031113735.0
008 - FIXED-LENGTH DATA ELEMENTS--GENERAL INFORMATION
fixed length control field 251029b |||||||| |||| 00| 0 eng d
245 ## - TITLE STATEMENT
Title Summerhill
Statement of responsibility, etc edited by Raghavendra P. Tiwari
260 ## - PUBLICATION, DISTRIBUTION, ETC. (IMPRINT)
Place of publication, distribution, etc Shimla
Name of publisher, distributor, etc Indian Institute of Advanced Study
Date of publication, distribution, etc 2024
300 ## - PHYSICAL DESCRIPTION
Extent Vol.XXX,No.1
310 ## - CURRENT PUBLICATION FREQUENCY
Current publication frequency 6 months
362 ## - DATES OF PUBLICATION AND/OR SEQUENTIAL DESIGNATION
Dates of publication and/or sequential designation 2024
942 ## - ADDED ENTRY ELEMENTS (KOHA)
Source of classification or shelving scheme Dewey Decimal Classification
Item type Periodicals
Serial record 1

No items available.


© Delhi Public Library
Hit Counter
free hit counter